000 00783nam a2200217 i 4500
001 36431
003 ES-MaACL
005 20250827022413.0
007 t|
008 030218s1976 sp ||||1| spa d
100 1 _aBourgoigne, Georges-Edouard.
_930997
245 1 0 _aPerspectivas en ecología humana /
_cpor Georges-Edouard Bourgoigne... [et al.] ; traducción: Pedro Fernández Martín.
260 _aMadrid :
_bInstituto de Estudios de Administración Local,
_c1976.
300 _a318 p. :
_bil. ;
_c22 cm.
490 1 _aNuevo urbanismo
700 1 _aFernández Martín, Pedro.
_949901
710 2 _aInstituto de Estudios de Administración Local (España)
_94893
830 0 _aNuevo urbanismo
_9181984
852 _aES-MaACL
_jL-184
_bR.100831
999 _c36431
_d36431